|
|
|
|
| LEADER |
00618nam a2200169 i 4500 |
| 001 |
misc46170 |
| 005 |
20200717140817.0 |
| 008 |
200114s1888 hu o 0|| hun d |
| 040 |
|
|
|a SZTE Miscellanea Repozitórium
|b hun
|
| 041 |
|
|
|a hun
|
| 100 |
1 |
|
|a Nuszbek Sándor
|
| 245 |
1 |
0 |
|a Miként méhészkedjél hogy hasznodat lássad
|h [elektronikus dokumentum] /
|c Nuszbek Sándor
|
| 260 |
|
|
|a Bernovits Gusztáv
|b Kassa
|c 1888
|
| 300 |
|
|
|a 17 p.
|c 21 cm
|
| 591 |
|
|
|a Nuszbek Sándor (szerző) ajánlásával
|
| 695 |
|
|
|a Magyar irodalom - vers, Méhészet
|
| 856 |
4 |
0 |
|u http://misc.bibl.u-szeged.hu/46170/1/xb_171873.pdf
|z Dokumentum-elérés
|